Akta Rahsia Rasmi, 1972 (Akta 88) : (Record no. 4537)
[ view plain ]
| 000 -LEADER | |
|---|---|
| fixed length control field | nam a22 a 4500 |
| 003 - CONTROL NUMBER IDENTIFIER | |
| control field | AKMAL |
| 005 - DATE AND TIME OF LATEST TRANSACTION | |
| control field | 20170531101521.0 |
| 008 - FIXED-LENGTH DATA ELEMENTS--GENERAL INFORMATION | |
| fixed length control field | 17 s1997 my 00 may d |
| 020 ## - INTERNATIONAL STANDARD BOOK NUMBER | |
| International Standard Book Number | 9678903091 (kkt.): |
| Terms of availability | Rgt. 7.50 |
| 040 ## - CATALOGING SOURCE | |
| Transcribing agency | AKMAL |
| 082 04 - DEWEY DECIMAL CLASSIFICATION NUMBER | |
| Classification number | 342.5950684 AKT |
| 090 ## - LOCALLY ASSIGNED LC-TYPE CALL NUMBER (OCLC); LOCAL CALL NUMBER (RLIN) | |
| Classification number (OCLC) (R) ; Classification number, CALL (RLIN) (NR) | 342.5950684 |
| Local cutter number (OCLC) ; Book number/undivided call number, CALL (RLIN) | AKT |
| 100 1# - MAIN ENTRY--PERSONAL NAME | |
| Personal name | Malaysia |
| 9 (RLIN) | 417 |
| 240 10 - UNIFORM TITLE | |
| Uniform title | Official Secrets Act, 1972. |
| Language of a work | English |
| 245 10 - TITLE STATEMENT | |
| Title | Akta Rahsia Rasmi, 1972 (Akta 88) : |
| Remainder of title | (together with) Official Secrets Act, 1972 (Act 88) (hingga 31hb Mei 1997) / |
| Statement of responsibility, etc. | disusun oleh Lembaga Penyelidikan Undang-undang |
| 260 ## - PUBLICATION, DISTRIBUTION, ETC. | |
| Place of publication, distribution, etc. | Kuala Lumpur : |
| Name of publisher, distributor, etc. | International Law Book Services, |
| Date of publication, distribution, etc. | 1997 |
| 300 ## - PHYSICAL DESCRIPTION | |
| Extent | ii, 59ms. ; |
| Dimensions | 24cm |
| 440 ## - SERIES STATEMENT/ADDED ENTRY--TITLE | |
| Title | Laws of Malaysia |
| 9 (RLIN) | 1830 |
| 500 ## - GENERAL NOTE | |
| General note | Teks sejajar bahasa Malaysia dan Inggeris |
| 650 ## - SUBJECT ADDED ENTRY--TOPICAL TERM | |
| Topical term or geographic name entry element | Official secrets |
| Geographic subdivision | Malaysia |
| 9 (RLIN) | 4620 |
| 650 ## - SUBJECT ADDED ENTRY--TOPICAL TERM | |
| Topical term or geographic name entry element | Security classification (Goverment documents) |
| Geographic subdivision | Malaysia |
| 9 (RLIN) | 8768 |
| 710 1# - ADDED ENTRY--CORPORATE NAME | |
| Corporate name or jurisdiction name as entry element | Malaysia. |
| Title of a work | Official Secrets Act, 1972 |
| 9 (RLIN) | 8769 |
| 942 ## - ADDED ENTRY ELEMENTS (KOHA) | |
| Source of classification or shelving scheme | |
| Koha item type | Book |
| Withdrawn status | Lost status | Source of classification or shelving scheme | Damaged status | Not for loan | Collection code | Home library | Current library | Shelving location | Date acquired | Inventory number | Full call number | Barcode | Date last seen | Price effective from | Koha item type | Public note |
|---|---|---|---|---|---|---|---|---|---|---|---|---|---|---|---|---|
| NON-FICTION | AKMAL Melaka | AKMAL Melaka | PINJAMAN | 31.05.2017 | 002944 | 342.5950684 AKT | 201707125 | 31.05.2017 | 31.05.2017 | Book | Dilupuskan. |
